Get the Picture: CBS Reality Shows Quiz Stats

 Plays Quiz Updated Aug 28, 2019

Score 0/15 Timer 03:00
0 Plays Today
Question Answer Wrong Answers
Contestants referred to as 'houseguests' Big Brother
94.7%
Amazing Race
0.8%
Survivor
1%
Contestants referred to as 'castaways' Survivor
94.6%
Amazing Race
1%
Big Brother
1%
Contestants check in to Pit Stops Amazing Race
93.8%
Survivor
1.7%
Big Brother
0.9%
Includes the Road Block Amazing Race
92.4%
Survivor
2.6%
Big Brother
1.5%
Includes the Hidden Immunity Idol Survivor
90%
Amazing Race
2.8%
Big Brother
3.8%
Hosted by Jeff Probst Survivor
89%
Amazing Race
5%
Big Brother
2.5%
Hosted by Julie Chen Big Brother
87.7%
Amazing Race
6.5%
Survivor
2.6%
Winning contestant(s) is NOT decided by a jury Amazing Race
85.2%
Survivor
3.8%
Big Brother
7.3%
Has featured contestants as young as 8 years old Amazing Race
85.2%
Survivor
4.6%
Big Brother
7.2%
Can be watched in real-time with 'Live Feeds' Big Brother
83.6%
Amazing Race
8.4%
Survivor
4.3%
Hosted by Phil Keoghan Amazing Race
83.6%
Survivor
5.8%
Big Brother
7%
Has aired the most seasons Survivor
79.3%
Amazing Race
7%
Big Brother
10.1%
Includes the Power of Veto Big Brother
69.2%
Amazing Race
3.6%
Survivor
23.9%
Competition lasts for 39 days Survivor
67.7%
Amazing Race
16.7%
Big Brother
11.9%
Winning contestant(s) earns $500,000 Big Brother
56.2%
Amazing Race
22.6%
Survivor
17.7%

Today's Daily Dose

You're not logged in!

Compare scores with friends on all Sporcle quizzes.
OR
Log In

Sporcle TV

Today on Sporcle TV


Watch our educational content, quiz creation guides, and fun videos on Sporcle TV.

Show Comments

Extras

Top Quizzes Today


Score Distribution

Your Account Isn't Verified!

In order to create a playlist on Sporcle, you need to verify the email address you used during registration. Go to your Sporcle Settings to finish the process.

Report this User

Report this user for behavior that violates our Community Guidelines.

Details: